Statystyki dla Piłka nożna quiz #54 - Najbardziej wartościowe kluby

Kliknij tutaj aby rozwiązać quiz!

Ogólne statystyki

  • Ten quiz został rozwiązany 186 razy
  • Średni wynik to 14 z 15

Statystyki odpowiedzi

MiejsceKlubRozgrywkiWartość rynkowa% Poprawnych
3Real MadrytLaLiga1,04 mld €
99%
14Bayer 04 LeverkusenBundesliga594,55 mln €
98%
8FC BarcelonaLaLiga839,50 mln €
98%
2FC ArsenalPremier League1,12 mld €
96%
4FC Paris Saint-GermainLigue 11,02 mld €
96%
1Manchester CityPremier League1,27 mld €
96%
15AC MilanSerie A533,45 mln €
94%
13Inter MediolanSerie A622,35 mln €
94%
10Manchester UnitedPremier League734,25 mln €
94%
5Bayern MonachiumBundesliga929,45 mln €
93%
6Chelsea FCPremier League928,30 mln €
93%
7FC LiverpoolPremier League921,40 mln €
93%
9Tottenham HotspurPremier League777,30 mln €
84%
11Aston VillaPremier League646,20 mln €
74%
12Newcastle UnitedPremier League637,70 mln €
71%

Rozkład punktacji

Percentyl według liczby udzielonych odpowiedzi

Procent ludzi z każdym wynikiem

Twoja historia wyników

Nie rozwiązałeś tego quizu